Tín ngưỡng của người An Nam : Qua nhãn quan nhà nghiên cứu Trung Hoa Dương Thành Chí /

সংরক্ষণ করুন:
গ্রন্থ-পঞ্জীর বিবরন
প্রধান লেখক: Trần Anh Đào, ThS.
বিন্যাস: প্রবন্ধ
ভাষা:Vietnamese
বিষয়গুলি:
ট্যাগগুলো: ট্যাগ যুক্ত করুন
কোনো ট্যাগ নেই, প্রথমজন হিসাবে ট্যাগ করুন!
Thư viện lưu trữ: Thư viện Trường Đại học Đà Lạt
LEADER 00831nam a2200265 4500
001 DLU090085209
005 ##20091125
040 # # |a DLU  |b vie 
041 # # |a vie 
044 # # |a vn 
100 # # |a Trần Anh Đào,   |c ThS. 
245 # # |a Tín ngưỡng của người An Nam :  |b Qua nhãn quan nhà nghiên cứu Trung Hoa Dương Thành Chí /  |c Trần Anh Đào. 
653 # # |a Nghi lễ dân tộc 
653 # # |a Nghi lễ truyền thống 
653 # # |a Tín ngưỡng dân gian 
773 # # |t Nghiên cứu tôn giáo  |g Số 3(69), 2009, tr. 49-54 
920 # # |a Phòng Tạp chí -- Trung tâm Thông tin - Thư viện Trường Đại học Đà Lạt 
994 # # |a DLU 
900 # # |a True 
911 # # |a Nguyễn Thị Linh Chi 
925 # # |a G 
926 # # |a A 
927 # # |a BB 
980 # # |a Thư viện Trường Đại học Đà Lạt